Actress by Painting Quiz Stats

 Plays Quiz Updated Jul 6, 2017

Support Sporcle.
Go Orange.
Score 0/25 Timer 06:00
1 Play Today
% Correct
Angelina Jolie
93.4%
Cameron Diaz
86.5%
Reese Witherspoon
82.8%
Whoopi Goldberg
80.2%
Jennifer Aniston
80.1%
Sandra Bullock
75.6%
Anne Hathaway
73%
Natalie Portman
70.2%
Nicole Kidman
69.6%
Penélope Cruz
68.6%
Halle Berry
65.8%
Emma Watson
64.9%
Gwyneth Paltrow
60.6%
% Correct
Jennifer Lawrence
60.1%
Sarah Michelle Gellar
57.7%
Amy Adams
55.6%
Michelle Pfeiffer
54.3%
Winona Ryder
50.2%
Keira Knightley
50.2%
Cate Blanchett
48.6%
Sharon Stone
42.9%
Hilary Swank
36.3%
Uma Thurman
36.2%
Rachel Weisz
31.2%
Evangeline Lilly
23.5%

You're not logged in!

Compare scores with friends on all Sporcle quizzes.
OR
Log In
Forgot?

From the Vault

28 Ways Not to Drink 'Wine'

by timmylemoine1

There are plenty of wines to drink, but only one way to drink wine.
Remove Ads.
Support Sporcle.
Get the best of Sporcle when you Go Orange. This ad-free experience offers more features, more stats, and more fun while also helping to support Sporcle. Thank you for becoming a member.

Show Comments

Extras

Top Quizzes Today


Score Distribution

Your Account Isn't Verified!

In order to create a playlist on Sporcle, you need to verify the email address you used during registration. Go to your Sporcle Settings to finish the process.

Report this User

Report this user for behavior that violates our Community Guidelines.

Details: